000
00251nam a2200097Ia 4500
001
761354
005
20250826165205.0
008
250824s9999 xx 000 0 und d
245
0
_a
GÖZLERİNİ HARAMDAN SAKIN
_c
MERVE ÖZCAN
260
_b
PORTAKAL YAYINLARI
999
_c
761354
_d
761354